Biblioteka Instytutu Północnego w Olsztynie

Widok standardowy Widok MARC

Pozycja Personal Name

Liczba rekordów, w których użyto hasła: 1

001 - Numer kontrolny

  • control field: 39377

003 - Identyfikator numeru kontrolnego

  • control field: NUKAT

005 - Data i czas ostatniej modyfikacji

  • control field: 20260401000656.0

008 - Dane kontrolne kodowane (40 znaków)

  • fixed length control field: 260331n||a|znnaabn |a aaa |c

010 ## - Numer kontrolny Biblioteki Kongresu

  • numer kontrolny LC: n 2026059097

040 ## - Instytucja sporządzająca rekord

  • inst. przygot. dane do rek. khw: OLSZT 008/bak
  • język haseł przedmiotowych/tezaurus: kaba
  • inst. wprow. rek. khw: OLSZT 008/bak

043 ## - Kod obszaru geograficznego

  • ISO code: PL

100 1# - Hasło - nazwa osobowa

  • nazwa osobowa w formie ujednoliconej: Zieliński, Marek
  • dopowiedzenie inne niż daty biograficzne: (nauczyciel informatyki).

370 ## - Associated place

  • Country: Polska

370 ## - Associated place

  • Residence/HQ: Rumian (woj. warmińsko-mazurskie, pow. działdowski, gm. Rybno)

372 ## - Field of activity

  • Field: Nauczanie

374 ## - Occupation

  • Occupation: Nauczyciele informatyki

375 ## - Gender

  • Gender: 1
  • Source of term: iso5218

377 ## - Assoc lang

  • Lang code: pol

670 ## - Źródło informacji

  • źródło informacji: Przewodnik ścieżka dydaktyczno-historyczna Plebiscyt na Warmii, Mazurach i Powiślu w 1920 roku / opracowanie Hanna Krichhof, Grzegorz Wiergowski, Marek Zieliński. - Rumian, 2018.

670 ## - Źródło informacji

  • źródło informacji: Szkoła Podstawowa im. ks. Jana Twardowskiego w Rumianie, 01.04.2026
  • adres internetowy: https://sprumian.pl/nauczyciele,60,pl

670 ## - Źródło informacji

  • źródło informacji: Encyklopedia Warmii i Mazur, 01.04.2026
  • adres internetowy: https://encyklopedia.warmia.mazury.pl/index.php/Szko%C5%82a_Podstawowa_w_Rumianie
Biblioteka Instytutu Północnego, ul. Partyzantów 87, 10-402 Olsztyn, email: biblioteka(at)ip.olsztyn.pl